Представление документа в формате MARC21

Поле Инд. ПП Название Значение
Тип записи a
Библиографический уровень b
001 Контрольный номер RU/IS/BASE/102173873
005 Дата корректировки 20200601183520.5
008 Кодируемые данные 19951116
084 a Индекс другой классификации/Индекс ББК 40.3; 26.236
097 00 a 750
100 10 a Автор Васильевская В. Д.
100 1_ a Автор Первова Н. Е.
245 00 a Заглавие Изменение интенсивности миграции водорастворимых веществ в почвах тундровых и таежных ландшафтов в связи с глобальными изменениями климата
504 00 a Библиография Библиогр.: с. 11 - 12
650 04 a Основная рубрика геофизика
a Основная рубрика климатология
a Основная рубрика метеорология
a Основная рубрика науки о Земле
a Основная рубрика почвоведение
a Основная рубрика сельское хозяйство
653 00 a Ключевые слова водорастворимые вещества
a Ключевые слова климат
a Ключевые слова потепление климата
a Ключевые слова почвы
a Ключевые слова таежные почвы
a Ключевые слова тундровые почвы
773 00 t Заглавие источника Вестник Московского университета. Серия 17, Почвоведение
d Дата издания источника 1995
g Прочая информация № 1. - С. 3 - 12
w Контрольный № источника RU/IS/BASE/102173639
901 t Тип документа b